Révision Littérature US : auteur, titre, mouvement - Statistiques

Statistiques générales
  • Ce quiz a été pris 38 fois
  • Le résultat moyen est 4 sur 22
Statistiques - réponses
Description Answer (répondre en anglais) % Correct
Roman emblématique des années 20 dans lequel le protagoniste Gatsby organise des fêtes dans son manoir dans le but de retrouver Daisy. Le livre représente les "Roaring 20s" avec le jazz, les "flappers" et l'alcool pendant la prohibition. Il peut représenter le mouvement présenté juste avant car bien qu'il y ait un narrateur, la vision de la désillusion de la haute société est réduite et nous avons q'un fragment de la réalité. Je suis..... The Great Gatsby
65%
Je suis un auteur emblématique du mouvement précédent. J'ai écrit "Walden" où j'ai volontairement quitté la ville pour être plus proche de la nature. Je suis...... Henry David Thoreau
50%
Roman de Jerome Salinger publié en 1951 représentatif du mouvement précédant : tournure ironique d'un incipit d'un roman Victorien (intertextualité avec David Copperfield de Dickens), utilisation du pastiche pour montrer sa connaissance que d'autres textes ont été écrits avant et qu'on peut s'en amuser. Je suis...... The Catcher in the Rye
32%
Je suis une forme de réalisme avec une détermination pessimiste dû à l'influence du Darwinisme, qui montre la société comme plus important que l'individu dont le destin est déterminé par l'instinct et le capitalisme. J'introduis la notion que l'environnement est indifférent vis-à-vis des personnages. Je suis...... Naturalism
29%
Comédie musicale de Bernstein et Robbins, mondialement connu et emblématique de ce qu'est une comédie musicale américaine. Je suis..... West Side Story
29%
Je suis un auteur qui s'intéresse à l'origine de l'âme américaine, à la partie sombre et incosnciente de l'homme. Une de mes nouvelles s'intéresse à l'ère puritaine et leur vision manichéenne du monde. Le jeune maître Brown en fera les frais. Je suis l'auteur du best-seller "La Lettre Ecarlate". Je suis.... Nathaniel Hawthorne
24%
Mouvement d'après seconde guerre mondiale : rejet des certitudes, utilisation de métafiction et d'expérimentation en littérature, négation de la séparation entre art et réalité. Je suis.... Post-Modernism
21%
Mouvement apparu à la fin de la guerre de Sécession, je représente les perceptions de la réalité ce qui donne une ambiguïté à la conception de réalité. Je suis.... Realism
21%
Auteure féministe qui s'est suicidée en 1963, la même année qu'elle publie son oeuvre principlale : "La Cloche de Détresse". Il parle de la dichotomie qu'il existe entre le fait d'être soit une femme (amibitieuse pour sa carrière) et soit d'être une épouse/mère de famille. La protagoniste Esther a dû mal à trouver sa place dans cette société manichéenne. Représentation d'une féminité inconventionnel associée à la folie. Aujourd'hui, je suis une grande figure féministe américaine. Je suis...... Sylvia Plath
21%
Forme américaine du romantisme, je représente une forme de connaissance visionnaire. Je m'intéresse à la bonté inhérente de chaque homme, au caractère sacré de la nature, à l'autonomie humaine et à la corruption de l'humanité par le capitalisme. Je suis.... Transcendentalism
21%
Poème d'Allen Ginsberg, poète faisant parti de la "Beat Generation" (rejet des conventions narratives), ce poème est provocateur, vu qu'il aborde des sujets controversés à sa publication en 1956 : communisme, folie, sexe, drogue, rejet de la religion et la bombe atomique. Je suis..... America
18%
Je suis un auteur américain qui s'exile en Grande-Bretagne pour permettre à mon art de se développer. Je suis une figure emblématique du mouvement post-guerre de Sécession. J'ai écrit "Les Européens" pour représenter la division culturelle entre les Européens, plus ingénieux et artistique et les Américains plus stériles et obstiné. A travers les différentes perceptions brouillent la différence entre réalité et imagination. Je suis..... Henry James
18%
Mouvement esthétique britannique et américain qui s'intéresse à l'exploration des formes, des écritures et des langages avec notamment le flux de conscience (courant de pensée associée sans aucune structure). Je suis..... Modernism
18%
Mouvement culturel initié à New-York qui voit le développement de la culture noire, je suis..... Harlem Renaissance
12%
Je suis le mouvement duquel la littérature américaine a émergé. Je suis.... Romanticism
12%
Oeuvre littéraire jouant sur l'opposition entre didactique et esthétique. Je joue aussi avec l'imagination spéculative pour représenter le matérialisme américain. Mon protagoniste Ichabod est un miroir de la société. Je suis.... The Legend of Sleepy Hollow
6%
Période synonyme d'expression de l'esprit national américain, j'ai permis à la littérature américaine d'être reconnu à l'échelle mondiale pour la 1ère fois. Je prends racine dans les années 1830 et m'estompe progressivement dans les années 1860. De moi émergent le transcendentalisme et le romantisme noire. Je suis.......... American Renaissance
3%
Evènement de l'histoire américaine durant lequel les afro-américains quittent le Sud ségrégué du pays, où ils sont sous-payés à travailler dans les champs, pour le Nord industriel et deviennent ainsi une population urbaine. Je suis...... (nom + date) Great Migration 1916
3%
Poème de Langston Hughes s'inscrivant dans le mouvement culturel précédant : une voix noire qui refuse d'être silencieuse, dénonce la ségrégation et prône la fierté noire. Le poème définit ce qu'est la littérature : un art pour toutes les cultures (noire et blanche) ce qui pose problème à l'époque. Je suis..... I, too, sing America
3%
Roman représentatif de la littérature afro-américaine de 1977 : importance des espace, du mouvement, de l'histoire et du langage. Toni Morrison célèbre les traditions noires et la réappropriation des méthodes ségrégatives pour redonner le pouvoir à la communauté noire dans ce livre. Je suis..... Song of Solomon
3%
J'ai été écrit par Stephen Crane, je représente une parodie de la vie western. Je confronte les nouvelles valeurs de l'Est avec celle de l'Ouest à travers les tourments psychologiques de mon personnage principal. Je présente l'histoire de 4 points de vue différents. Je me termine par un duel western où l'homme non-armé gagne. Je suis..... The Bride Comes to Yellow Sky
3%
Projet national pendant la Grande Dépression qui vise à financer le théâtre longtemps associé à la dépravation et au danger (avec la mort de Lincoln ou la vision puritaine de cet art). Je suis.... Federal Theatre Project
0%
Aucun quiz correspondant
Distribution des résultats
% des personnes avec chaque résultat
Percentile par nombre de réponses
Votre historique - résultats
Vous n’avez pas pris ce quiz